000 02089 a2200241 4500
001 49890
005 20260407155759.0
008 260407a2004 arg spa d
003 AR-UNSa-BCEJYS
040 _aAR-UNSa-BCEJYS
_bspa
_cAR-UNSa-BCEJYS
080 _a330.101.542
_xMicroeconomía
245 1 0 _aTeoría microeconómica
_pprincipios básicos y ampliaciones
020 _a978-84-9732-249-2
250 _a8a. ed.
264 1 _aMadrid :
_bThomson
_c2004
300 _axvi, 761 p.
_c26 cm.
505 _aParte I: INTRODUCCIÓN: 1. Modelos Económicos – 2. Las matemáticas de la optimización – – Parte II: Elección y demanda: 3. Preferencias y utilidad – 4. Maximización de la utilidad y elección – 5. Efecto rentas y sustitución – 6. Relaciones de demanda entre bienes – 7. Demanda de mercado y elasticidad – – Parte III: ELECCIÓN EN CONDICIONES DE INCERTIDUMBRE: 8. Utilidad esperada y aversión al riesgo – 9. La economía de la información – 10. Teoría de juegos y equilibrio estratégico – – Parte IV: PRODUCCIÓN Y OFERTA: 11. Funciones de producción – 12. Costes – 13. Maximización del beneficio y oferta – – Parte V: COMPETENCIA PERFECTA: 14. El modelo de equilibrio parcial competitivo – 15. Análisis competitivo aplicado – 16. Equilibrio general competitivo – 17. La eficiencia de la competencia perfecta – – Parte VI: MODELOS DE COMPETENCIA IMPERFECTA: 18. Modelos de monopolio – 19. Modelos tradicionales de competencia imperfecta – 20. Modelos de fijación de precios según la teoría de juegos – – Parte VII: FIJACIÓN DE PRECIOS EN LOS MERCADOS DE FACTORES: 21. Demandas de factores por parte de las empresas – 22. Oferta de trabajo – 23. Capital – – Parte VIII: LÍMITES DEL MERCADO: 24. Externalidades y bienes públicos – 25. Economía política.
041 _aspa
942 _cBK
590 _aniveau_biblio:m niveau_hierar:0
100 1 _aNicholson, Walter
856 4 1 _uhttps://www.biblioeco.unsa.edu.ar/pmb/images/libros/L128214.jpg
_yImagen de portada
_qimage/jpeg
999 _c4904
_d4904